|
|
|
|
| LEADER |
01041nab a2200253 i 4500 |
| 001 |
misc64523 |
| 005 |
20231010133815.0 |
| 008 |
230626s1988 hu o 0|| eng d |
| 040 |
|
|
|a SZTE Miscellanea Repozitórium
|b hun
|
| 041 |
|
|
|a eng
|
| 100 |
2 |
|
|a Róna-Tas András
|
| 245 |
1 |
0 |
|a Altaic and Indo-European
|h [elektronikus dokumentum] :
|b marginal remarks on the book of Gamkrelidze and Ivanov /
|c Róna-Tas András
|
| 260 |
|
|
|c 1988
|
| 300 |
|
|
|a 391-404
|c 24 cm
|
| 300 |
|
|
|a [14] p.
|c 24 cm
|
| 490 |
0 |
|
|a Acta Orientalia Academiae Scientiarum Hungaricae;Acta Orientalia Academiae Scientiarum Hungaricae : a Magyar Tudományos Akadémia orientalisztikai közleményei
|
| 561 |
|
|
|a Németh Gyula hagyaték
|
| 591 |
|
|
|a NOA 5179; NOA 5180; NOA 5181
|
| 650 |
|
4 |
|a Bölcsészettudományok
|
| 650 |
|
4 |
|a Nyelvek és irodalom
|
| 695 |
|
|
|a Indoeurópai nyelvek
|
| 700 |
0 |
1 |
|a Gamkrelidze Tamaz Valerianovič
|
| 700 |
0 |
1 |
|a Ivanov Vâčeslav Vsevolodovič
|
| 856 |
4 |
0 |
|u http://misc.bibl.u-szeged.hu/64523/1/5180_noa.pdf
|z Dokumentum-elérés
|